| 000 | 007160000a22002050004500 | ||
|---|---|---|---|
| 090 |
_aAR _b01183 |
||
| 245 | 1 | 0 | _aProporciones de sexos y reproducción en una población de conejo sabanero (<Sylvilagus floridanus>) en el noroeste de Venezuela |
| 650 | 1 | 4 |
_aFauna _992594 |
| 650 | 1 | 4 |
_aReproducción animal _987770 |
| 650 | 1 | 4 |
_aDistribución geográfica _992997 |
| 650 | 1 | 4 |
_aCacería _993019 |
| 651 | 4 |
_pVenezuela _992749 |
|
| 653 |
_gSylvilagus _eSylvilagus floridanus _vConejo sabanero |
||
| 041 | 0 | _aEspañol | |
| 700 | 1 |
_aCordero, David G. _994453 |
|
| 700 | 1 |
_aYunes G., Fidel _994454 |
|
| 100 | 1 |
_aOchoa G., José _912291 |
|
| 942 | _cARTICULO | ||
| 773 | 1 |
_tVida Silvestre Neotropical _3438 _h2 _q14-26 _d1987 _g1 |
|
| 999 |
_c10269 _d10269 |
||